Znalosti a znalostný manažment v Slovenskej republike

Pojem znalosť. Kategorizácia znalostí. Úrovne práce so znalosťami. Znalostný manažment.

Uložené v:
Podrobná bibliografia
Hlavný autor: Trávniček, Igor
Médium: Kapitola
Jazyk:Slovak
Predmet:
Tagy: Pridať tag
Žiadne tagy, Buďte prvý, kto otaguje tento záznam!

MARC

LEADER 00000nla$a2200000$$$4500
001 0103643
005 20240502072128.7
041 0 |a slo 
044 |a SK 
245 1 0 |a Znalosti a znalostný manažment v Slovenskej republike  |c Igor Trávniček 
520 |a Pojem znalosť. Kategorizácia znalostí. Úrovne práce so znalosťami. Znalostný manažment. 
610 2 0 |a riadenie znalostí 
610 2 0 |a manažment 
610 2 0 |a ekonomika vedomostná 
610 2 0 |a spolupráca medzinárodná 
100 1 |a Trávniček, Igor